Concise dictionary English - Hindi : (Record no. 92018)

MARC details
000 -LEADER
fixed length control field 00689nam a22001937a 4500
005 - DATE AND TIME OF LATEST TRANSACTION
control field 20150423104447.0
010 ## - LCCN (DPL NO)
LC control number ENG-112272
020 ## - INTERNATIONAL STANDARD BOOK NUMBER
International Standard Book Number 9789350571361
Terms of availability 225.00
020 ## - INTERNATIONAL STANDARD BOOK NUMBER
International Standard Book Number 9350571366
Terms of availability 225.00
035 ## - SYSTEM CONTROL NUMBER
System control number EN-95804
037 ## - SOURCE OF ACQUISITION
Source of stock number/acquisition DBAD/PUB
082 ## - DEWEY DECIMAL CLASSIFICATION NUMBER
Classification number 483.2
100 ## - MAIN ENTRY--PERSONAL NAME
Personal name Prasoon, Shrikant
245 ## - TITLE STATEMENT
Title Concise dictionary English - Hindi :
Remainder of title a perfect reference tool for aspirants of competitive examinations, educationists, students & general readers /
Statement of responsibility, etc by Shrikant Prasoon
260 ## - PUBLICATION, DISTRIBUTION, ETC. (IMPRINT)
Place of publication, distribution, etc New Delhi
Name of publisher, distributor, etc V & S Publishers
Date of publication, distribution, etc 2014
270 ## - ADDRESS
Address F-2/16, Ansari Road, Daryaganj,
City New Delhi
Postal code 110002
300 ## - PHYSICAL DESCRIPTION
Extent 598p.
Dimensions 23cm(pbk)
942 ## - ADDED ENTRY ELEMENTS (KOHA)
Source of classification or shelving scheme Dewey Decimal Classification
Item type English Books
Call number suffix PRA
Classification part 483.2
Holdings
Withdrawn status Lost status Not for loan Collection code Home library Current library Date acquired Source of acquisition Cost, normal purchase price Full call number Barcode Copy number Cost, replacement price Koha item type
    Not For Loan Non-fiction D.B.Act.Division D.B.Act.Division 02/03/2015 DBAD/PUB 225.00 483.2 PRA EN-95804 1 225.00 English Books

© Delhi Public Library
Hit Counter
free hit counter